000 00749nam a2200253 a 4500
001 BRCA_5491
005 20190320205113.0
008 020211s1943----enk#######---#000-0#eng-#
041 _aeng
044 _aenk
050 4 _aND623.L4
_b.G65 1943
100 1 _aGoldscheider, Ludwig
_914033
245 1 0 _aLeonardo da Vinci
_cby Ludwing Goldscheider.
260 _aLondres
_bGeorge, Allen & Unwin
_c1943
300 _a42 p.
_bil. (algunas a color), 155 láminas
_c38 cm.
500 _aIncluye índice por colecciones
500 _aE167
504 _aBibliografía: p. [158-160]
600 1 4 _aLeonardo da Vinci
_d1452-1519
_914034
650 1 4 _aPintores italianos
_97654
650 1 4 _aEscultores italianos
_97653
902 _aGFM
942 _2lcc
_cB
999 _c5185
_d5185